[Event "Championship Saratov region 2014"]
[Site "Saratov"]
[Date "2014.12.14"]
[Round "9.11"]
[White "Brekhov, Denis"]
[Black "Gagarkine, Nikolay"]
[Result "1-0"]
[WhiteElo "1949"]
[BlackElo "1838"]
[PlyCount "77"]
[EventDate "2014.12.06"]

1. e4 e5 2. Nf3 Nc6 3. d4 d6 4. dxe5 Nxe5 5. Nxe5 dxe5 6. Qxd8+ Kxd8 7. Bc4 f6
8. Be3 c6 9. a4 b6 10. Nc3 Kc7 11. O-O Bb4 12. Ne2 Nh6 13. h3 Rd8 14. c3 Bc5
15. Bxc5 bxc5 16. Rfd1 Bd7 17. Nc1 Be8 18. Nd3 Rab8 19. Nxc5 Rxd1+ 20. Rxd1
Rxb2 21. Ne6+ Kb6 22. Rd8 Rb1+ 23. Kh2 Ka5 24. Rxe8 Kxa4 25. Ra8 Ka5 26. Rxa7+
Kb6 27. Ra6+ Kb7 28. Nc5+ Kb8 29. Rxc6 Rc1 30. Bd5 Ra1 31. Nd7+ Kb7 32. c4 Ra5
33. Rc5+ Ka6 34. Rxa5+ Kxa5 35. c5 f5 36. f3 fxe4 37. fxe4 g5 38. c6 g4 39. c7
1-0

[Event "Championship Saratov region 2014"]
[Site "Saratov"]
[Date "2014.12.14"]
[Round "9.13"]
[White "Kavyev, Ruslan"]
[Black "Tatarinov, Andrey"]
[Result "1-0"]
[WhiteElo "1854"]
[BlackElo "1625"]
[PlyCount "57"]
[EventDate "2014.12.06"]

1. e4 c5 2. Nf3 e6 3. d4 cxd4 4. Nxd4 a6 5. Bd3 Nc6 6. Nxc6 bxc6 7. O-O d5 8.
c4 Nf6 9. cxd5 cxd5 10. exd5 Nxd5 11. Bc4 Bb7 12. Nc3 Bd6 13. Bxd5 exd5 14. Bf4
O-O 15. Bxd6 Qxd6 16. Qd4 Rac8 17. Rad1 Rfd8 18. Rfe1 h6 19. Ne4 Qe7 20. Ng3
Qg5 21. Re5 Qf6 22. Nh5 Qc6 23. Re6 f6 24. Rxc6 Rxc6 25. Qg4 g5 26. Qf5 Rdc8
27. Qg6+ Kf8 28. Qg7+ Ke8 29. Nxf6+ 1-0

[Event "Championship Saratov region 2014"]
[Site "Saratov"]
[Date "2014.12.14"]
[Round "9.14"]
[White "Vdovin, Sergey"]
[Black "Kavyev, Emil"]
[Result "1-0"]
[WhiteElo "1792"]
[BlackElo "1714"]
[PlyCount "85"]
[EventDate "2014.12.06"]

1. d4 Nf6 2. Bg5 Ne4 3. Bf4 d5 4. f3 Nf6 5. Nc3 e6 6. e3 Bb4 7. Bd3 Bxc3+ 8.
bxc3 c5 9. c4 O-O 10. Bg5 cxd4 11. exd4 dxc4 12. Bxc4 Qc7 13. Qd3 Nbd7 14. Ne2
a5 15. O-O Nb6 16. Bb5 Nbd7 17. c3 b6 18. Rfd1 Bb7 19. Bf4 Qc8 20. Rac1 Nd5 21.
Bg3 N7f6 22. c4 Nc7 23. Ba4 Ba6 24. Nc3 Ncd5 25. Nb5 Nb4 26. Qd2 Bxb5 27. Bxb5
Rd8 28. a3 Nc6 29. Qe3 Ne7 30. d5 Nf5 31. Qxb6 Nxg3 32. hxg3 exd5 33. cxd5 Qf5
34. Bc6 Rab8 35. Qxa5 Qe5 36. Qe1 Qd6 37. a4 Nd7 38. f4 Nc5 39. Qe5 Qf8 40. d6
Nb7 41. d7 Qa3 42. Bxb7 Rxb7 43. Rc8 1-0

[Event "Championship Saratov region 2014"]
[Site "Saratov"]
[Date "2014.12.14"]
[Round "9.15"]
[White "Stepanov, Nikolay"]
[Black "Tyapkin, Petr"]
[Result "0-1"]
[WhiteElo "1602"]
[BlackElo "1750"]
[PlyCount "44"]
[EventDate "2014.12.06"]

1. d4 Nf6 2. Nf3 g6 3. Bf4 Bg7 4. e3 O-O 5. Bd3 d6 6. O-O Nbd7 7. h3 Qe8 8. e4
c5 9. c3 b6 10. e5 Nh5 11. Bh2 dxe5 12. dxe5 f5 13. Qb3+ Kh8 14. e6 Ndf6 15.
Ne5 Bb7 16. g4 fxg4 17. hxg4 Nxg4 18. Nxg4 Qc6 19. f3 Rxf3 20. Be2 Rf4 21. Bf3
Rxg4+ 22. Kh1 Qxf3+ 0-1

[Event "Championship Saratov region 2014"]
[Site "Saratov"]
[Date "2014.12.14"]
[Round "9.16"]
[White "Davydov, Artem"]
[Black "Fedukin, Alexandre"]
[Result "0-1"]
[WhiteElo "1713"]
[BlackElo "1862"]
[PlyCount "56"]
[EventDate "2014.12.06"]

1. c4 Nf6 2. Nc3 e5 3. e4 Bc5 4. g3 Nc6 5. Bg2 a5 6. d3 d6 7. Nf3 h6 8. O-O Nd4
9. Nxd4 Bxd4 10. h3 Be6 11. Be3 Bxe3 12. fxe3 c6 13. Qe2 a4 14. Rad1 Qa5 15. d4
a3 16. d5 cxd5 17. exd5 Bd7 18. Rc1 axb2 19. Qxb2 Ke7 20. a4 Qc5 21. Qf2 Rhf8
22. Kh2 Bxa4 23. Qb2 Bd7 24. Nb5 Rfc8 25. e4 Ra4 26. Nc3 Rxc4 27. Ne2 b5 28. g4
Rc2 0-1

[Event "Championship Saratov region 2014"]
[Site "Saratov"]
[Date "2014.12.14"]
[Round "9.17"]
[White "Golbraikh, Leonid"]
[Black "Dmitrieva, Galina"]
[Result "1-0"]
[WhiteElo "1576"]
[BlackElo "1544"]
[PlyCount "117"]
[EventDate "2014.12.06"]

1. e4 e5 2. Nf3 Nc6 3. Bc4 Nf6 4. d3 Bc5 5. c3 d6 6. O-O h6 7. Bb3 Bg4 8. Nbd2
Qd7 9. Re1 O-O-O 10. Nf1 Bh5 11. Be3 Ng4 12. Bxc5 dxc5 13. Ng3 Bg6 14. Bc2 h5
15. Nh4 Qe7 16. Nhf5 Qf6 17. h3 Nh6 18. Nxh6 Rxh6 19. Qe2 h4 20. Nf1 Bh5 21.
Qe3 Qe7 22. Bd1 Bg6 23. Bg4+ Kb8 24. Rad1 Bh5 25. Nh2 g5 26. Qe2 Bg6 27. Nf3
Rf8 28. Qe3 f6 29. d4 cxd4 30. cxd4 exd4 31. Nxd4 Ne5 32. Qb3 Be8 33. Nf5 Bf7
34. Nxe7 Bxb3 35. axb3 Nxg4 36. hxg4 h3 37. gxh3 Rxh3 38. Re3 Rh7 39. Red3 a6
40. Rd8+ Rxd8 41. Rxd8+ Ka7 42. Nf5 b5 43. Rf8 Rh3 44. Ng3 Rh4 45. f3 Rh3 46.
Kg2 Rh7 47. Rxf6 Rd7 48. Nf1 Rd3 49. Rc6 Rxb3 50. Rxc7+ Kb6 51. Rc2 a5 52. e5
a4 53. e6 Rd3 54. e7 a3 55. bxa3 Rxa3 56. e8=Q Ka5 57. Rb2 b4 58. Qa8+ Kb5 59.
Qxa3 1-0